Introduction to cyclotomic fields /
Guardado en:
| Autor Principal: | |
|---|---|
| Formato: | Libro |
| Idioma: | English |
| Publicado: |
New York :
Springer-Verlag,
c1982.
|
| Series: | Graduate texts in mathematics ;
83 |
| Materias: | |
| Etiquetas: |
Agregar Etiqueta
Sin Etiquetas, Sea el primero en etiquetar este registro!
|
| LEADER | 00820cam a2200241 a 4500 | ||
|---|---|---|---|
| 001 | MAT.inmabb003034 | ||
| 008 | 820201s1982####nyu######b####001#0#eng## | ||
| 005 | 20130227131644.0 | ||
| 245 | 1 | 0 | |a Introduction to cyclotomic fields / |c Lawrence C. Washington. |
| 260 | |a New York : |b Springer-Verlag, |c c1982. | ||
| 300 | |a xi, 389 p. ; |c 25 cm. | ||
| 440 | 0 | |a Graduate texts in mathematics ; |v 83 | |
| 500 | |a "This book grew out of lectures given at the University of Maryland in 1979/1980"--Preface. | ||
| 504 | |a Bibliografía: p. 361-385. | ||
| 510 | 4 | |a MR, |c 85g:11001 | |
| 020 | |a 0387906223 | ||
| 100 | 1 | |a Washington, Lawrence C. | |
| 650 | 0 | |a Algebraic fields. | |
| 650 | 0 | |a Cyclotomy. | |
| 084 | |a 11-01 (11R18 11R23) |2 msc2000 | ||
| 010 | |a 82000755 | ||
| 040 | |a DLC |c DLC |d DLC | ||
| 859 | |h 11 |i W317 |p A-5774 |b BIB. MATEMATICA | ||
